English Grammar in Use Supplementary Exercises

Dades bibliogràfiques
Autor principal: Hashemi L. Louise
Altres autors: Murphy R. Raymond
Idioma:anglès
Publicat: New York, Cambridge University Press, 1996
Matèries:
Format: MixedMaterials Llibre
KOHA link:https://koha.lib.tpu.ru/cgi-bin/koha/opac-detail.pl?biblionumber=100468

MARC

LEADER 00000nam0a2200000 4500
001 100468
005 20231031112123.0
010 |a 0521449545 
035 |a (RuTPU)RU\TPU\book\108113 
035 |a RU\TPU\book\80392 
090 |a 100468 
100 |a 20060823d1996 m y0engy50 ba 
101 0 |a eng 
102 |a US 
105 |a a j 000zy 
200 1 |a English Grammar in Use Supplementary Exercises  |f L. Hashemi, R. Murphy 
210 |a New York  |c Cambridge University Press  |d 1996 
215 |a 126 p.  |c il. 
610 1 |a английский язык 
610 1 |a учебные пособия 
610 1 |a грамматика 
610 1 |a упражнения 
686 |a Ш143.21-923.2  |v LBC/SL-A  |2 rubbk 
700 1 |a Hashemi  |b L.  |g Louise 
701 1 |a Murphy  |b R.  |g Raymond 
801 1 |a RU  |b 63413507  |c 20050324  |g PSBO 
801 2 |a RU  |b 63413507  |c 20170421  |g PSBO 
942 |c BK